书目信息 |
| 题名: |
环境系统工程
|
|
| 作者: | 薛惠锋 , 董会忠 , 宋红丽 编著 | |
| 分册: | ||
| 出版信息: | 北京 国防工业出版社 2008.12 |
|
| 页数: | 224页 | |
| 开本: | 26cm | |
| 丛书名: | 系统工程系列教材 | |
| 单 册: | ||
| 中图分类: | X192 | |
| 科图分类: | ||
| 主题词: | 环境工程--huan jing gong cheng--系统工程--教材 | |
| 电子资源: | ||
| ISBN: | 978-7-118-05548-1 | |
| 000 | 01074nam 2200289 450 | |
| 001 | 012009647908 | |
| 005 | 20181213161210.14 | |
| 010 | @a978-7-118-05548-1@dCNY30.00 | |
| 100 | @a20090921d2008 em y0chiy0120 ea | |
| 101 | 0 | @achi |
| 102 | @aCN@b110000 | |
| 105 | @aa a 000yy | |
| 200 | 1 | @a环境系统工程@Ahuan jing xi tong gong cheng@f薛惠锋 ... [等] 编著@Fxue hui feng...[deng]bian zhu |
| 210 | @a北京@c国防工业出版社@d2008.12 | |
| 215 | @a224页@c图@d26cm | |
| 225 | 2 | @a系统工程系列教材@Axi tong gong cheng xi lie jiao cai |
| 304 | @a题名页题 : 薛惠锋, 董会忠, 宋红丽, 解丹蕊编著 | |
| 320 | @a有书目 (第224页) | |
| 330 | @a本书主要内容包括:人类与环境的历史渊源,环境系统思想的发展,环境系统工程概述,环境系统分析与建模,环境质量评价等。 | |
| 410 | 0 | @12001 @a系统工程系列教材 |
| 606 | 0 | @a环境工程@Ahuan jing gong cheng@x系统工程@j教材 |
| 690 | @aX192@v4 | |
| 701 | 0 | @a薛惠锋@Axue hui feng@4编著 |
| 701 | 0 | @a董会忠@Adong hui zhong@4编著 |
| 701 | 0 | @a宋红丽@Asong hong li@4编著 |
| 801 | 0 | @aCN@bQSSK@c20110617 |
| 905 | @b757824-26@dX192@eX945@f3 | |
| 环境系统工程/薛惠锋 ... [等] 编著.-北京:国防工业出版社,2008.12 |
| 224页:图;26cm.-(系统工程系列教材) |
| ISBN 978-7-118-05548-1:CNY30.00 |
| 本书主要内容包括:人类与环境的历史渊源,环境系统思想的发展,环境系统工程概述,环境系统分析与建模,环境质量评价等。 |
| ● |
| 相关链接 |
|
|
|
正题名:环境系统工程
索取号:X192/X945
 
预约/预借
| 序号 | 登录号 | 条形码 | 馆藏地/架位号 | 状态 | 备注 |
| 1 | 1282625 | 212826254 | 期刊室512/501自科库 63排6列5层/ [索取号:X192/X945] | 在馆 | |
| 2 | 466117 | 204661179 | 期刊室512/501自科库 63排6列5层/ [索取号:X192/X945] | 在馆 | |
| 3 | 466227 | 204662276 | 期刊室512/501自科库 63排6列5层/ [索取号:X192/X945] | 在馆 | |
| 4 | 466290 | 204662908 | 期刊室512/501自科库 63排6列5层/ [索取号:X192/X945] | 在馆 | |
| 5 | 490617 | 204906174 | 自科库501/501自科库 63排6列5层/ [索取号:X192/X945] | 在馆 | |
| 6 | 491191 | 204911916 | 自科库501/501自科库 63排6列5层/ [索取号:X192/X945] | 在馆 | |
| 7 | 491192 | 204911925 | 期刊室512/501自科库 63排6列5层/ [索取号:X192/X945] | 在馆 | |
| 8 | 491197 | 204911970 | 期刊室512/501自科库 63排6列5层/ [索取号:X192/X945] | 在馆 | |
| 9 | 493811 | 204938112 | 自科库501/501自科库 63排6列5层/ [索取号:X192/X945] | 在馆 | |
| 10 | 493863 | 204938639 | 期刊室512/501自科库 63排6列5层/ [索取号:X192/X945] | 在馆 | |
| 11 | 757824 | 207578245 | 期刊室512/501自科库 63排6列5层/ [索取号:X192/X945] | 在馆 | |
| 12 | 757825 | 207578254 | 期刊室512/501自科库 63排6列5层/ [索取号:X192/X945] | 在馆 | |
| 13 | 757826 | 207578263 | 期刊室512/501自科库 63排6列5层/ [索取号:X192/X945] | 在馆 |